[Event "Titled Tue 25th Jun Late"]
[Site "chess.com INT"]
[Date "2024.06.25"]
[Round "9"]
[White "Pranav, V."]
[Black "Hakobyan, Aram"]
[Result "1-0"]
[WhiteElo "2632"]
[BlackElo "2617"]
[PlyCount "237"]
[EventDate "2024.06.25"]

1. Nf3 Nf6 2. g3 g6 3. Bg2 Bg7 4. O-O O-O 5. c4 d6 6. d3 c5 7. Nc3 Nc6 8. Bg5 h6 9. Bd2 Rb8 10. a3 a6 11. Rb1 b5 12. cxb5 axb5 13. b4 cxb4 14. axb4 Bd7 15. Qc1 ({RR} 15. Ne1 Kh7 16. Nc2 e6 17. Na3 Ne7 18. Qb3 Nf5 19. e3 h5 20. h3 e5 21. Nc2 Be6 22. Qb2 d5 23. Na3 Qd7 24. e4 Nd4 25. h4 Rbc8 26. Rbc1 dxe4 27. dxe4 Rc6 28. Be3 Ng4 29. Bxd4 exd4 {Pulpan,J (2407)-Sadhwani,R (2675) chess.com INT 2025 0-1 (46)}) 15... Kh7 16. h3 $146 ({RR} 16. d4 e5 17. dxe5 dxe5 18. Rd1 e4 19. Ne1 Rc8 20. Nxe4 Nd4 21. Qa3 Nxe4 22. Bxe4 Nxe2+ 23. Kf1 Nc3 24. Bxc3 Rxc3 25. Qa7 Bh3+ 26. Bg2 Qc8 27. Kg1 Bf5 28. Bb7 Qc7 29. Ra1 Rc4 30. Ra5 Rxb4 {Wnuk Lipinski,P (1956)-Czartoryski,P (2089) Rewal 2008 0-1 (40)}) 16... Qc7 17. Qc2 Rfc8 18. Rfc1 Qd8 19. Qb3 Be6 20. Qd1 Kg8 21. Be3 Nd5 22. Nxd5 Bxd5 23. Qd2 h5 24. Bh6 Bxf3 25. Bxg7 Kxg7 26. Bxf3 Nd4 27. Bg2 Rxc1+ 28. Rxc1 Rc8 29. Rxc8 Qxc8 30. e3 Qc1+ 31. Qxc1 Ne2+ 32. Kf1 Nxc1 33. d4 Nd3 34. Bc6 Nxb4 35. Bxb5 Nd5 36. Bc4 Nf6 37. Kg2 d5 38. Bb5 Kf8 39. Kf3 g5 40. Bd3 e6 41. h4 gxh4 42. gxh4 Ng4 43. Kg3 Kg7 44. Be2 Nf6 45. Kf4 Ne4 46. f3 Nd6 47. Bd3 Ne8 48. Kg5 Nf6 49. Bb5 Nh7+ 50. Kxh5 f5 51. Ba6 Nf6+ 52. Kg5 Nh7+ 53. Kf4 Kf6 54. h5 Ng5 55. Kg3 Nf7 56. Kh4 Nh6 57. Bd3 Nf7 58. Ba6 Nh6 59. Bc8 Nf7 60. Kg3 Ng5 61. Bd7 Nf7 62. Be8 Nh6 63. Kf4 Ng8 64. Bd7 Nh6 65. Be8 Ng8 66. Bg6 Nh6 67. Kg3 Kg5 68. f4+ Kf6 69. Kf3 Ng4 70. Be8 Nh6 71. Ke2 Ke7 72. Bg6 Kf6 73. Kf2 Ng4+ 74. Kf3 Nh6 75. Be8 Ke7 76. Ba4 Kf6 77. Bd1 Kg7 78. Kg3 Kf6 79. Bf3 Nf7 80. Kf2 Nh6 81. Ke2 Nf7 82. Kd3 Nh6 83. Ke2 Nf7 84. Kf2 Nh6 85. Kg3 Nf7 86. Kh4 Nh6 87. Be2 Nf7 88. Bb5 Nh6 89. Kg3 Ng4 90. Kf3 Ke7 91. Bd3 Nh6 92. Kg3 Kf6 93. Bc2 Ng4 94. e4 dxe4 95. Bxe4 Nh6 96. Bc6 Ng4 97. Bf3 Nh6 98. d5 exd5 99. Bxd5 Ng4 100. Bf3 Nh6 101. Kf2 Nf7 102. Ke3 Nd8 103. Bd5 Kg7 104. Kd4 Kh6 105. Ke5 Kxh5 106. Kxf5 Kh6 107. Kf6 Kh7 108. Ke7 Kg6 109. Be4+ Kh5 110. Kxd8 Kg4 111. f5 Kf4 112. Ke7 Ke5 113. f6 Kf4 114. f7 Kg5 115. f8=Q Kh5 116. Qf5+ Kh4 117. Qg6 Kh3 118. Bf3 Kh4 119. Qg4# 1-0

[Event "Chess.com Speed Play-In"]
[Site "chess.com INT"]
[Date "2024.06.27"]
[Round "5"]
[White "Svane, R."]
[Black "Hakobyan, Aram"]
[Result "1-0"]
[WhiteElo "2633"]
[BlackElo "2617"]
[PlyCount "133"]
[EventDate "2024.06.27"]

1. Nf3 Nf6 2. g3 g6 3. Bg2 Bg7 4. O-O O-O 5. d4 d6 6. Re1 d5 7. c3 ({RR} 7. c4 c6 8. Qb3 a5 9. Bf4 a4 10. Qb4 Ne4 11. Nc3 c5 12. dxc5 Nc6 13. Qa3 Nxc3 14. bxc3 dxc4 15. Nd2 Be6 16. Rab1 Ra7 17. Rb6 Bd5 18. e4 Be6 19. Reb1 Qd7 20. Bf1 Ne5 21. Bxe5 Qxd2 {Svane,R (2633)-Henriquez Villagra,C (2588) chess.com INT 2024 1-0 (70)}) 7... Nbd7 $146 ({RR} 7... Ne4 8. Nfd2 Nxd2 9. Nxd2 c6 10. e4 dxe4 11. Nxe4 Nd7 12. Bf4 Nf6 13. Nc5 Nd5 14. Be5 f6 15. Bf4 Nxf4 16. gxf4 Qd6 17. Qb3+ Kh8 18. Ne6 Bxe6 19. Rxe6 Qxf4 20. Rxe7 b6 21. Bxc6 Qg5+ 22. Kh1 {Ashraf,A (2340)-Leyva Proenza,R (2333) chess.com INT 2023 1-0 (34)}) ({RR} 7... a5 8. a4 c5 9. Bf4 Ne4 10. Na3 Nc6 11. Nb5 cxd4 12. cxd4 Qb6 13. Bc7 Qa6 14. Be5 Bxe5 15. Nxe5 Qb6 16. e3 Nxe5 17. dxe5 Be6 18. Qd4 Qxd4 19. exd4 Rfc8 20. Rac1 Rc6 21. Bxe4 dxe4 22. Nc3 {Svane,R (2621)-Mikaelyan,A (2497) chess.com INT 2025 0-1 (70)}) 8. a4 c5 9. a5 Re8 10. Bf4 Nh5 11. Be3 c4 12. b3 cxb3 13. Qxb3 Nhf6 14. Nbd2 Nb8 15. Ne5 Nc6 16. a6 Nxe5 17. dxe5 Ng4 18. axb7 Bxb7 19. Qxb7 Nxe3 20. fxe3 Bxe5 21. Qxd5 Qxd5 22. Bxd5 Rad8 23. Bc6 Rf8 24. Ne4 f5 25. Ng5 Rd6 26. Ba4 Bxc3 27. Bb3+ Kh8 28. Nf7+ Rxf7 29. Bxf7 e6 30. Rec1 Bxa1 31. Rxa1 a6 32. Be8 Kg7 33. Kf2 Kf6 34. Ba4 a5 35. Bc2 Ra6 36. Ra4 h5 37. e4 Rc6 38. Bd3 Rc5 39. Ke3 Ke5 40. h4 Kd6 41. Kf4 Ke7 42. e5 Kf7 43. Rc4 Rxc4+ 44. Bxc4 a4 45. Ba2 a3 46. e3 Ke7 47. Kg5 Kf7 48. Bb3 Ke7 49. Kxg6 Kd7 50. Kf6 Kc6 51. Bxe6 f4 52. exf4 Kc5 53. f5 Kd4 54. Kg5 Kxe5 55. Kxh5 Kf6 56. Kg4 Kg7 57. Kf4 Kf6 58. Ba2 Kg7 59. g4 Kh8 60. g5 Kg7 61. h5 Kh7 62. f6 Kh8 63. Kf5 Kh7 64. g6+ Kh6 65. g7 Kh7 66. g8=Q+ Kh6 67. Qg6# 1-0

[Event "Chess.com Speed Play-In"]
[Site "chess.com INT"]
[Date "2024.06.27"]
[Round "6"]
[White "Gurel, Ediz"]
[Black "Ponkratov, P."]
[Result "1-0"]
[WhiteElo "2597"]
[BlackElo "2586"]
[PlyCount "67"]
[EventDate "2024.06.27"]

1. Nf3 c5 2. g3 Nc6 3. Bg2 Nf6 4. O-O g6 5. c3 Bg7 6. d4 cxd4 7. cxd4 d5 8. Nc3 Ne4 9. e3 O-O ({RR} 9... Nxc3 10. bxc3 O-O 11. Nd2 Be6 12. Ba3 Qd7 13. Rc1 Na5 14. Bb4 Nc6 15. Ba3 Na5 {½-½ (15) Gurevich,M (2669)-Azmaiparashvili,Z (2672) Saint Vincent 2005}) ({RR} 9... Nxc3 10. bxc3 O-O 11. Nd2 e6 12. c4 dxc4 13. Nxc4 Bd7 14. Bb2 Rc8 15. Rc1 h5 16. Qb3 b6 17. Ba3 Ne7 18. Ne5 Re8 19. Nc4 Nf5 20. Rfd1 Bc6 21. Nxb6 Qxb6 22. Qxb6 axb6 23. Bxc6 Red8 24. Bb4 {Padmini,R (2348)-Papp,P (2280) FIDE Online Arena INT 2024 1-0 (49)}) 10. Bd2 Nxd2 $146 ({RR} 10... Bg4 11. h3 Bxf3 12. Bxf3 Nxd2 13. Qxd2 e6 14. Rac1 h5 15. Kg2 Rc8 16. Ne2 h4 17. g4 Qd6 18. Ng1 f5 19. gxf5 exf5 20. Ne2 g5 21. Rc5 Ne7 22. Rxc8 Rxc8 23. Kh1 Rf8 24. Rb1 Kh8 25. Qa5 {Vukic,M (2515)-Djuric,S (2535) Cetinje 1992 0-1 (40)}) 11. Qxd2 e6 12. Rac1 Bd7 13. h4 h6 14. Ne1 Qe7 15. Nd3 b6 16. Rc2 Rac8 17. Rfc1 Na5 18. b3 Qa3 19. Ne5 Be8 20. f4 Rd8 21. Bf3 Nb7 22. h5 g5 23. fxg5 hxg5 24. Qh2 Qe7 25. h6 Bxe5 26. dxe5 g4 27. Bxg4 Qg5 28. Qh4 Qxe5 29. Kh2 Kh8 30. Rf1 Rc8 31. Rfc1 Nd6 32. Ne2 Rxc2 33. Rxc2 Qxe3 34. Qf6+ 1-0

[Event "CEZ Trophy CZE-ISR 2024"]
[Site "Prague CZE"]
[Date "2024.06.29"]
[Round "2.1"]
[White "Gelfand, B."]
[Black "Navara, D."]
[Result "1-0"]
[WhiteElo "2658"]
[BlackElo "2682"]
[PlyCount "87"]
[EventDate "2024.06.29"]
[WhiteTeam "Izrael"]
[BlackTeam "Cesko"]
[WhiteTeamCountry "ISR"]

1. Nf3 d5 2. c4 d4 3. b4 c5 4. b5 g6 ({RR} 4... a6 5. g3 e5 6. d3 Bd6 7. Bg2 Nf6 8. O-O O-O 9. Nbd2 Ra7 10. a4 b6 11. e4 g6 12. Kh1 Nh5 13. Ng1 Re7 14. Ne2 a5 15. f4 exf4 16. gxf4 f6 17. Nf3 Qc7 18. Nfg1 Nd7 19. Nh3 {Abdusattorov,N (2766)-Sarana,A (2712) Tashkent UZB 2024 ½-½}) 5. g3 Bg7 ({RR} 5... b6 6. Bg2 Bb7 7. a4 a5 8. O-O Bg7 9. d3 e5 10. Ra2 Ne7 11. e3 O-O 12. exd4 exd4 13. Re1 Nd7 14. Bf4 Re8 15. Rae2 Nf6 16. Nbd2 h6 17. Be5 Qd7 18. Bxf6 Bxf6 19. Ne5 Bxe5 20. Bxb7 {Pantsulaia,L (2532)-Singh,S (2165) Bengaluru IND 2025 1-0}) 6. d3 e5 7. a4 $146 ({RR} 7. Nbd2 Ne7 8. Bg2 O-O 9. O-O Nd7 10. a4 a5 11. Ne4 Qc7 12. e3 f5 13. Neg5 Qd6 14. exd4 h6 15. Nh3 cxd4 16. Ba3 Nc5 17. Nd2 Rb8 18. Nb3 b6 19. Bxc5 bxc5 20. Nxa5 e4 21. Nb3 g5 {Pantsulaia,L (2561)-Aditya,M (2595) Samarkand UZB 2023 1-0 (76)}) 7... a5 8. Bg2 Ra7 9. Ra2 b6 10. O-O Rd7 11. Rd2 Nh6 12. e3 O-O 13. exd4 exd4 14. Re2 Re8 15. Rfe1 Rde7 16. Bg5 f6 17. Bf4 Rxe2 18. Rxe2 Rxe2 19. Qxe2 Nd7 20. Qe6+ Nf7 21. Qc6 Nde5 22. Bxe5 fxe5 23. Nfd2 Bd7 24. Qb7 Bc8 25. Qc6 Bd7 26. Qd5 Bf5 27. Qf3 Nd6 28. Qe2 Qe7 29. Ne4 Bh6 30. h4 Nxe4 31. Bxe4 Kg7 32. Na3 Bxe4 33. Qxe4 Bd2 34. Nc2 h5 35. Na1 Qe6 36. Nb3 Bb4 37. Nc1 Qg4 38. Qxe5+ Kh7 39. Ne2 Bd2 40. Kg2 Qf5 41. Qxf5 gxf5 42. Kf3 Kg6 43. Nf4+ Kf6 44. Nd5+ 1-0

[Event "Chess Stars 4.0 Rapid"]
[Site "Moscow RUS"]
[Date "2024.06.27"]
[Round "2.1"]
[White "Artemiev, V."]
[Black "Goryachkina, A."]
[Result "1-0"]
[WhiteElo "2694"]
[BlackElo "2545"]
[PlyCount "85"]
[EventDate "2024.06.27"]
[EventType "rapid"]

1. Nf3 Nf6 2. g3 d5 3. Bg2 e6 4. O-O c5 5. c4 d4 6. e3 Nc6 7. d3 Bd6 8. exd4 cxd4 9. Na3 O-O 10. Nc2 e5 11. b4 Re8 12. c5 Bc7 13. Bg5 h6 14. Bxf6 Qxf6 15. Nd2 ({RR} 15. Re1 Bf5 16. b5 Ne7 17. Nb4 Bd7 18. a4 Ba5 19. Qb1 Bxb4 20. Qxb4 Nd5 21. Qc4 Nc3 22. Nd2 Be6 23. Qb4 Bd5 24. Bxd5 Nxd5 25. Qc4 Rad8 26. a5 Re6 27. a6 b6 28. cxb6 Rxb6 29. Qc5 Qf5 {Ioannidis,E (2484)-Maurizzi,M (2622) Eforie Nord ROU 2025 1-0 (41)}) 15... Qg6 16. b5 Nd8 $146 ({RR} 16... Ne7 17. Nc4 Be6 18. Re1 Bxc4 19. dxc4 Ba5 20. Re4 Rac8 21. Ne1 Qe6 22. Nd3 Bc3 23. Rxe5 Qxc4 24. Rb1 Ng6 25. Rh5 Rcd8 26. Bxb7 Re7 27. Bg2 Qxa2 28. b6 axb6 29. cxb6 Re2 30. Bf1 Rd2 31. Qb3 {Mikhalevski,V (2565)-Schiendorfer,E (2310) Porto Carras 2018 1-0 (40)}) 17. Nb4 Ne6 18. c6 Rb8 19. Qa4 a5 20. bxa6 bxa6 21. Nb3 Bd6 22. Nd5 Nc7 23. Nxc7 Bxc7 24. Nc5 Rb5 25. Rfc1 Rb6 26. Rab1 Rxb1 27. Rxb1 a5 28. Qc4 Kh7 29. Bd5 Re7 30. Nb7 Qf6 31. Be4+ g6 32. Qc5 h5 33. Nxa5 h4 34. Nc4 Kg7 35. Nb6 Be6 36. Nd5 Bxd5 37. Bxd5 hxg3 38. hxg3 Qg5 39. Rb7 e4 40. Qxd4+ f6 41. dxe4 Kh6 42. Kg2 Be5 43. Qb4 1-0

[Event "Chess Stars 4.0 Blitz"]
[Site "Moscow RUS"]
[Date "2024.07.01"]
[Round "2.4"]
[White "Tomashevsky, E."]
[Black "Lagno, Kateryna"]
[Result "1-0"]
[WhiteElo "2681"]
[BlackElo "2532"]
[PlyCount "101"]
[EventDate "2024.07.01"]
[EventType "blitz"]

1. Nf3 Nf6 2. g3 d5 3. Bg2 e6 4. O-O Be7 5. b3 O-O 6. Bb2 a5 7. a3 a4 8. b4 c5 9. bxc5 Bxc5 10. d4 ({RR} 10. c4 dxc4 11. Ne5 Bd4 12. Nxc4 Bxb2 13. Nxb2 Nc6 14. Nc3 e5 15. Nbxa4 Bf5 16. d3 Qe7 17. Qb3 Ra5 18. Rfb1 Nd4 19. Qb4 Qc7 20. Nb6 Rc5 21. Nbd5 Nxd5 22. Nxd5 Nxe2+ 23. Kh1 Qd6 24. Qxb7 Bxd3 {Adewumi,T (2352)-Lampert,J (2526) chess.com INT 2025 0-1}) 10... Be7 $146 ({RR} 10... Bd6 11. Nbd2 b5 12. Ne5 Qc7 13. c4 bxc4 14. Ndxc4 Bb7 15. Nxd6 Qxd6 16. Bc3 Rc8 17. Bb4 Qd8 18. Rb1 Nc6 19. Bd2 Ra7 20. Nd3 Ba6 21. Be3 Bxd3 22. Qxd3 Na5 23. Rb4 Nc4 24. Bf4 Nd7 25. e4 {Derakhshani,B (2315)-Sivarajasingam,S (1780) Hull 2018 1-0 (45)}) 11. c4 dxc4 12. Ne5 Nc6 13. Nxc4 Bd7 14. Nc3 Na5 15. Ne5 Nb3 16. Rb1 Rb8 17. Nxd7 Qxd7 18. Nxa4 Qxa4 19. Ba1 Bxa3 20. Qxb3 b5 21. Bc6 Qxb3 22. Rxb3 b4 23. Rfb1 Rfc8 24. Bf3 Rc1+ 25. Rxc1 Bxc1 26. Bc3 Ba3 27. Bd2 Nd7 28. Kg2 f6 29. Bc6 Nb6 30. Bxb4 Nc4 31. Rxa3 Rxb4 32. Ra7 Nd6 33. e3 Rb8 34. Bd7 e5 35. dxe5 fxe5 36. Ra5 Nf7 37. Be6 Re8 38. Bd5 Kf8 39. Ra6 Ng5 40. h4 Nf7 41. g4 h6 42. Kg3 Nd8 43. Rd6 Nf7 44. Ra6 Rd8 45. Ra5 Nd6 46. Bf3 Re8 47. Rd5 Nf7 48. Be4 Ke7 49. Bg6 Kf6 50. h5 Rb8 51. Bxf7 1-0

[Event "Chess Stars 4.0 Blitz"]
[Site "Moscow RUS"]
[Date "2024.07.01"]
[Round "4.5"]
[White "Radjabov, T."]
[Black "Lagno, Kateryna"]
[Result "1-0"]
[WhiteElo "2700"]
[BlackElo "2532"]
[PlyCount "117"]
[EventDate "2024.07.01"]
[EventType "blitz"]

1. Nf3 Nf6 2. b3 d5 3. Bb2 Bf5 4. d3 h6 5. Nbd2 e6 6. g3 Be7 ({RR} 6... Nbd7 7. Bg2 Bd6 8. O-O O-O 9. Re1 Bh7 10. e4 Be7 11. e5 Ne8 12. Nf1 c5 13. h4 b5 14. a4 bxa4 15. Rxa4 Nb6 16. Rg4 Bf5 17. Rf4 c4 18. bxc4 dxc4 19. Nd4 Bh7 20. Nc6 Qd7 21. Nxe7+ {Caruana,F (2803)-Khademi,M (2116) chess.com INT 2025 1-0 (38)}) 7. Bg2 ({RR} 7. e4 Bh7 8. Bg2 O-O 9. Qe2 c5 10. Ne5 Nbd7 11. f4 Rc8 12. O-O a6 13. exd5 Nxd5 14. a3 Nxe5 15. fxe5 b5 16. h4 Qc7 17. Kh2 Nb6 18. c4 Rcd8 19. Be4 bxc4 20. dxc4 Bxe4 21. Nxe4 Nd7 {Fedoseev,V (2674)-Duda,J (2724) chess.com INT 2023 0-1 (41)}) 7... a5 $146 ({RR} 7... Bh7 8. e4 O-O 9. Qe2 c5 10. e5 Nfd7 11. h4 Nc6 12. g4 Nb4 13. Nf1 f6 14. a3 Nc6 15. exf6 Bxf6 16. Qxe6+ Kh8 17. O-O-O Bxb2+ 18. Kxb2 Bg8 19. Qd6 a5 20. g5 Nde5 21. Qxd8 Raxd8 22. N1d2 {Larino Nieto,D (2461)-Gavrilescu,D (2476) Chess.com INT 2021 1-0 (47)}) 8. c4 c6 9. Ne5 Nbd7 10. Nxd7 Qxd7 11. O-O O-O 12. Nf3 Rfd8 13. Qc2 Qc7 14. Rfc1 a4 15. Bc3 axb3 16. axb3 Nd7 17. Qb2 Bf6 18. Bxf6 Nxf6 19. h3 Qb6 20. Qc3 d4 21. Qd2 c5 22. Ne5 Qc7 23. f4 Nd7 24. Nf3 e5 25. fxe5 Nxe5 26. Qf4 Nxf3+ 27. Qxf3 Be6 28. Rxa8 Rxa8 29. Qxb7 Qxb7 30. Bxb7 Rb8 31. Be4 Bxh3 32. Ra1 g6 33. Ra5 Rxb3 34. Bf3 Rb1+ 35. Kh2 Bf1 36. Rxc5 Rb2 37. Re5 Kg7 38. Kg1 Bh3 39. Re4 Kf6 40. Rxd4 Rc2 41. Kf2 h5 42. Rd6+ Ke7 43. Ra6 Be6 44. Ke3 Rc1 45. Kf4 Kf6 46. Ra5 Rc2 47. Ke3 Rc1 48. c5 Rg1 49. c6 Rc1 50. d4 Ke7 51. d5 Bf5 52. Ra7+ Kd6 53. Rxf7 Ke5 54. Re7+ Kd6 55. Re8 g5 56. Rf8 Ke5 57. d6 g4 58. Bg2 Rc3+ 59. Kf2 1-0

[Event "Chess Stars 4.0 Blitz"]
[Site "Moscow RUS"]
[Date "2024.07.01"]
[Round "6.1"]
[White "Artemiev, V."]
[Black "Tabatabaei, M."]
[Result "1-0"]
[WhiteElo "2694"]
[BlackElo "2718"]
[PlyCount "103"]
[EventDate "2024.07.01"]
[EventType "blitz"]

1. Nf3 {Horn,Peter} d5 2. g3 Nf6 3. Bg2 c6 4. O-O Bg4 5. c4 e6 6. cxd5 exd5 7. d3 Be7 8. h3 Bxf3 ({RR} 8... Bh5 9. Nd4 ({RR} 9. Nh4 Nfd7 10. Nf5 O-O 11. Qb3 Nc5 12. Qc3 Ne6 13. Nxe7+ Qxe7 14. e4 dxe4 15. dxe4 f6 16. Be3 Na6 17. Nd2 Rfd8 18. g4 Bf7 19. f4 Qb4 20. Rfc1 Nd4 21. Bf1) ({RR} 9. Nc3 Na6 10. Nh4 d4 11. Nf5 O-O 12. Ne4 Nxe4 13. Nxe7+ Qxe7 14. dxe4 Rad8 15. f4 f6 16. Bd2 c5) 9... O-O 10. Nf5 Bc5 11. Qc2 Na6 ({RR} 11... Bb6 12. Nc3 Na6 13. a3 Nc5 14. b4 Ne6 15. Na4 Bg6 16. Nxb6 axb6 17. Nh4 d4 18. Bb2 Nd5 19. Nf3 Ndc7 20. Ne5 b5 21. e4 dxe3 22. fxe3 Qd6 23. Rad1) 12. e4 ({RR} 12. a3) ({RR} 12. Nc3) 12... Re8 13. a3 ({RR} 13. Nc3 Nb4 14. Qb1 d4 ({RR} 14... Bg6 15. Nh4) 15. Na4 Bf8 16. a3 Na6 17. b4) 13... Bg6 14. g4 ({RR} 14. Nh4 dxe4) 14... Bxf5 15. gxf5 Bd4 ({RR} 15... Qe7) 16. Nc3 Qe7 17. Ne2 ({RR} 17. Bg5) 17... Bb6 18. Ng3 Qd6 19. Kh1 Rad8 20. b4 Nc7 21. Bb2 dxe4 22. dxe4 Qd2 23. Rac1 {Lputian,S (2625)-Jussupow,A (2636) Batumi 1999 CBM 074 [Horn,Peter] ½-½ (49)} ({RR} 23. Qxd2 Rxd2 24. Bxf6 gxf6)) 9. Bxf3 O-O 10. Qb3 ({RR} 10. d4 Nbd7 11. Nc3 Re8 12. Bf4 Bf8 13. Qb3 Qb6 14. h4 Ne4 15. Qxb6 Nxb6 16. Nxe4 dxe4 17. Bg2 Rad8 18. e3 Nd5 19. a3 c5 20. dxc5 Bxc5 21. Rac1 Bb6 22. Rc4 f5 23. Bh3 Nxf4 24. gxf4 g6 {Stojanovski,S (2169)-Jimenez Salas,M (1904) chess.com INT 2024 0-1 (68)}) 10... Qb6 $146 ({RR} 10... Qc8 11. Kg2 Nbd7 12. Bf4 Nc5 13. Qc2 Ne6 14. Be3 Qd7 15. h4 d4 16. Bd2 Nd5 17. e4 dxe3 18. fxe3 Rad8 19. a3 Bf6 20. Rd1 Rfe8 21. Nc3 Bxc3 22. bxc3 Nc5 23. d4 Ne6 24. e4 Nb6 25. Qb3 {Komljenovic,L (2175)-Dichmann,A (2055) Bayern 2002 1-0 (47)}) 11. Qc2 Nbd7 12. Nc3 Rad8 13. Bg2 d4 14. Ne4 Nxe4 15. Bxe4 Nf6 16. Bf3 Rfe8 17. Rb1 a5 18. a3 Nd5 19. Bd2 Bf6 20. Qa4 Ra8 21. Rfc1 g6 22. Qc4 Red8 23. Qc5 Qxc5 24. Rxc5 Be7 25. Rc4 Nb6 26. Rc2 Nd5 27. b4 axb4 28. axb4 Ra3 29. b5 Nc3 30. Bxc3 Rxc3 31. Ra2 Rd7 32. Ra7 cxb5 33. Rxb5 Rcc7 34. Raxb7 Rxb7 35. Bxb7 h5 36. Kg2 Kg7 37. f4 Bf6 38. Be4 Ra7 39. Rd5 Kf8 40. g4 hxg4 41. hxg4 Ke7 42. Kf3 Rd7 43. Rb5 Kf8 44. g5 Bg7 45. Rb8+ Ke7 46. Bc6 Rc7 47. Bb5 f5 48. Rb6 Rc1 49. Rxg6 Bf8 50. Bc4 Rf1+ 51. Kg3 Rg1+ 52. Kf2 1-0

[Event "Titled Tue 2nd Jul Early"]
[Site "chess.com INT"]
[Date "2024.07.02"]
[Round "4"]
[White "Andreikin, D."]
[Black "Alekseev, Evgeny"]
[Result "1-0"]
[WhiteElo "2729"]
[BlackElo "2550"]
[PlyCount "65"]
[EventDate "2024.07.02"]

1. Nf3 c5 2. Nc3 Nc6 3. d4 cxd4 4. Nxd4 g6 5. Bf4 d6 6. g3 Bg7 7. Nxc6 bxc6 8. Bg2 Bd7 9. Qd2 $146 ({RR} 9. O-O Nf6 10. Qd2 O-O 11. Bh6 Qb6 12. Bxg7 Kxg7 13. b3 Qc5 14. e4 Rad8 15. Rad1 Bg4 16. Na4 Qh5 17. f3 Bh3 18. Bxh3 Qxh3 19. c4 Rd7 20. Nc3 Qh5 21. Ne2 Qc5+ 22. Kg2 Rfd8 23. Nd4 e5 {Hermlin,A (2300)-Kauppila,O Oulu 1997 1-0 (64)}) 9... Nf6 10. Bh6 O-O 11. Bxg7 Kxg7 12. O-O Rb8 13. b3 Qa5 14. Rad1 Rfe8 15. h3 h5 16. Rfe1 Be6 17. e4 Nd7 18. f4 f6 19. Kh2 Qb4 20. Qe3 Qc5 21. Qf3 Bf7 22. Qd3 Qa5 23. Ne2 Rbc8 24. c4 Qb6 25. Nd4 a5 26. Qc3 Qb4 27. Qa1 Qb6 28. Nf3 Rcd8 29. e5 dxe5 30. fxe5 Nc5 31. Ng5 Rxd1 32. Rxd1 Rd8 33. Rf1 1-0

[Event "Titled Tue 2nd Jul Early"]
[Site "chess.com INT"]
[Date "2024.07.02"]
[Round "5"]
[White "Andreikin, D."]
[Black "Indjic, A."]
[Result "1-0"]
[WhiteElo "2729"]
[BlackElo "2610"]
[PlyCount "117"]
[EventDate "2024.07.02"]

1. Nf3 d5 2. g3 Bg4 3. Bg2 e6 4. c4 c6 5. Qb3 Qb6 6. Qc2 Nd7 7. d3 Ngf6 8. O-O Bd6 9. Be3 Bc5 10. Bxc5 Qxc5 11. Nbd2 O-O 12. b4 $146 ({RR} 12. a3 a5 13. b3 Rfe8 14. Qb2 Qd6 15. b4 axb4 16. axb4 e5 17. cxd5 cxd5 18. e3 Bxf3 19. Bxf3 Rec8 20. d4 e4 21. Be2 h5 22. Ra5 b6 23. Rxa8 Rxa8 24. Rc1 Ra4 25. b5 Qb4 26. Qc2 g6 {Telljohann,S (2329)-Faerber,D (2097) Playchess.com INT 2021 ½-½ (97)}) 12... Qd6 13. a4 a5 14. b5 d4 15. bxc6 bxc6 16. c5 Nxc5 17. Rfc1 Bxf3 18. Bxf3 Nfd7 19. Rab1 Rfc8 20. Nc4 Qc7 21. Nb6 Nxb6 22. Qxc5 Nd5 23. Bxd5 exd5 24. Qxd4 Rab8 25. Rxb8 Qxb8 26. Qc5 Qc7 27. e3 h5 28. h4 Qd8 29. Rb1 g5 30. hxg5 Qxg5 31. Qxa5 h4 32. Qb4 hxg3 33. Qf4 Qxf4 34. exf4 gxf2+ 35. Kxf2 Ra8 36. Ra1 Ra5 37. Ke3 c5 38. d4 cxd4+ 39. Kxd4 Kg7 40. Kc3 Kf6 41. Kb4 Ra8 42. Rd1 Kf5 43. Rd4 Rb8+ 44. Kc5 Rc8+ 45. Kxd5 Rc1 46. Rc4 Ra1 47. Kc6 Kg4 48. Kb5 f5 49. a5 Rb1+ 50. Rb4 Rxb4+ 51. Kxb4 Kxf4 52. a6 Kg3 53. a7 f4 54. a8=Q f3 55. Qb8+ Kg2 56. Qb7 Kf2 57. Kc3 Ke2 58. Qe4+ Kf2 59. Kd2 1-0

[Event "Titled Tue 2nd Jul Early"]
[Site "chess.com INT"]
[Date "2024.07.02"]
[Round "7"]
[White "Erigaisi, Arjun"]
[Black "L'Ami, E."]
[Result "1-0"]
[WhiteElo "2778"]
[BlackElo "2635"]
[PlyCount "53"]
[EventDate "2024.07.02"]

1. Nf3 d5 2. e3 Nf6 3. c4 c6 4. b3 g6 5. Bb2 Bg7 6. Be2 O-O 7. O-O Bg4 8. d4 e6 9. Nbd2 Nbd7 10. h3 Bxf3 11. Bxf3 ({RR} 11. Nxf3 Ne4 12. b4 f5 13. a4 a6 14. b5 axb5 15. axb5 Rxa1 16. Qxa1 Qa8 17. Rc1 h6 18. Ne1 Nb6 19. c5 Nd7 20. Nd3 g5 21. Nb4 Qxa1 22. Bxa1 Ra8 23. bxc6 bxc6 24. Nxc6 Ndxc5 25. Rb1 Nb3 {Makarian,R (2547)-Kashefi,A (2118) chess.com INT 2025 0-1}) 11... Re8 12. Qc2 $146 ({RR} 12. cxd5 exd5 13. b4 a5 14. bxa5 Qxa5 15. Qc2 Qa4 16. Qb1 Bf8 17. Rc1 Qa7 18. a4 Bb4 19. Bc3 Bxc3 20. Rxc3 Qa5 21. Qc2 Ra7 22. Nb3 Qc7 23. a5 Qd6 24. Ra2 Rea8 25. Rb2 Qc7 26. g3 Nf8 {Antova,G (2275)-Balabayeva,K (2198) Chennai 2022 ½-½ (77)}) 12... Qe7 13. Rad1 Rad8 14. Rfe1 a6 15. a4 e5 16. cxd5 cxd5 17. dxe5 Nxe5 18. Be2 Nc6 19. Nf3 Ne4 20. Bxg7 Kxg7 21. Bxa6 d4 22. Bb5 Rc8 23. Qb2 Nc3 24. Bxc6 Nxd1 25. Qxd4+ Kg8 26. Bxe8 Rd8 27. Qa1 1-0

[Event "Titled Tue 2nd Jul Early"]
[Site "chess.com INT"]
[Date "2024.07.02"]
[Round "7"]
[White "Andreikin, D."]
[Black "Sindarov, Javokhir"]
[Result "1-0"]
[WhiteElo "2729"]
[BlackElo "2674"]
[PlyCount "110"]
[EventDate "2024.07.02"]

1. Nf3 Nf6 2. g3 g6 3. b3 Bg7 4. Bb2 O-O 5. Bg2 d6 6. d4 e5 7. dxe5 Nfd7 8. O-O Nxe5 ({RR} 8... dxe5 9. Qc1 Na6 10. Rd1 Re8 11. c4 e4 12. Nd4 e3 13. f4 c6 14. Nc3 Qe7 15. Nxc6 bxc6 16. Bxc6 Rb8 17. Nd5 Qf8 18. Bxd7 Bxd7 19. Bxg7 Qxg7 20. Qa3 Re6 21. Rac1 Qf8 22. Qb2 Qg7 23. Qa3 {Mamedyarov,S (2767)-Maksimovic,B (2455) Chess.com INT 2022 1-0 (56)}) 9. Qc1 Re8 $146 ({RR} 9... Nxf3+ 10. Bxf3 Nd7 11. c4 a5 12. Nc3 Nc5 13. Nd5 Be6 14. Bxg7 Kxg7 15. Qc3+ f6 16. Nf4 Bf7 17. a3 g5 18. Nd3 Nxd3 19. Qxd3 Rb8 20. b4 axb4 21. axb4 b6 22. Ra7 Re8 23. Bc6 Re7 24. e3 {Martinovic,S (2448)-Kneutgen,A (2143) Bad Wiessee 2000 1-0 (39)}) ({RR} 9... Nbc6 10. c4 Bf5 11. Nxe5 dxe5 12. Nc3 Qc8 13. Rd1 Re8 14. e4 Be6 15. Nd5 Nd4 16. Qd2 c6 17. Ne3 Rd8 18. Kh1 Bh3 19. Nc2 Bxg2+ 20. Kxg2 Qg4 21. Bxd4 Qxe4+ 22. f3 Qf5 23. Qf2 exd4 24. g4 {Park,I (1856)-Laith,K (2075) Pardubice CZE 2024 0-1 (33)}) 10. c4 Nbc6 11. Nc3 Nxf3+ 12. exf3 Nd4 13. Rd1 Qf6 14. Rxd4 Qxd4 15. Na4 Qd3 16. Bxg7 Kxg7 17. Qb2+ f6 18. Nc3 Qd4 19. h4 Bf5 20. Rd1 Qe5 21. f4 Qe7 22. Bxb7 Rab8 23. Bc6 Rf8 24. Nd5 Qd8 25. Re1 Rf7 26. Re8 Qxe8 27. Bxe8 Rxe8 28. f3 c6 29. Nb4 Rfe7 30. Kf2 Re1 31. g4 Bd7 32. g5 R8e6 33. Nd3 Rd1 34. f5 gxf5 35. Nf4 Re5 36. Nh5+ Kf7 37. Nxf6 Be6 38. Qa3 Rde1 39. Qxa7+ Kf8 40. Nxh7+ Kg8 41. Nf6+ Kf8 42. Qb8+ Kf7 43. Qc7+ Kf8 44. Qxd6+ Kf7 45. Qc7+ Kf8 46. g6 R5e2+ 47. Kg3 Rg1+ 48. Kf4 Rxg6 49. Nh7+ Kg8 50. h5 Rg7 51. Nf6+ Kf8 52. Qxc6 Kf7 53. Nd5 Rh2 54. Qc7+ Kg8 55. Qd8+ Kh7 1-0

[Event "Titled Tue 2nd Jul Early"]
[Site "chess.com INT"]
[Date "2024.07.02"]
[Round "8"]
[White "Le, Quang Liem"]
[Black "Bacrot, E."]
[Result "1-0"]
[WhiteElo "2731"]
[BlackElo "2677"]
[PlyCount "47"]
[EventDate "2024.07.02"]

1. Nf3 d5 2. g3 Nf6 3. Bg2 g6 4. b3 Bg7 5. Bb2 O-O 6. c4 dxc4 7. bxc4 c5 8. O-O Nc6 9. d3 Qc7 10. Nc3 ({RR} 10. Nbd2 b6 11. Qc2 Bb7 12. Bc3 Rad8 13. Qb2 Ne8 14. Ne4 Bxc3 15. Nxc3 Nf6 16. Rfd1 Rfe8 17. Rab1 Qb8 18. Qd2 Kg7 19. Qb2 Kg8 20. Rd2 Nd4 21. Ne1 h5 22. h3 e5 23. e4 h4 24. Kh2 Nh5 {Artemiev,V (2731)-Giri,A (2776) Bucharest 2019 1-0 (43)}) 10... e5 $146 ({RR} 10... Rd8 11. Rb1 a6 12. h3 Rb8 13. Ba1 b6 14. a3 e6 15. e3 Bb7 16. Qe2 Nd7 17. Rfd1 Nce5 18. Ne1 Bxg2 19. Kxg2 Nf6 20. f4 Nc6 21. Nf3 Nd7 22. Qe1 h6 23. g4 Qd6 24. Qg3 Qe7 25. Kh2 {Eliskases,E-Castillo Bermudez,M Mar del Plata 1948 ½-½ (40)}) ({RR} 10... a6 11. Na4 b6 12. Rb1 Rb8 13. Nc3 Be6 14. Ng5 Bd7 15. Nge4 e6 16. Nxf6+ Bxf6 17. Nd5 exd5 18. Bxf6 Qd6 19. Bg5 d4 20. e3 f6 21. Bf4 Ne5 22. Bd5+ Be6 23. Bxe6+ Qxe6 24. exd4 cxd4 25. Re1 {Reuter,J (2091)-Van Geffen,J Helmond NED 2024 ½-½ (87)}) 11. Rb1 Bg4 12. h3 Be6 13. Ng5 Bd7 14. Nd5 Nxd5 15. cxd5 Nd4 16. Bxd4 exd4 17. d6 Qxd6 18. Rxb7 Rab8 19. Rxa7 Bf5 20. Qc2 Rb4 21. a3 Rb5 22. Rxf7 Rxf7 23. Nxf7 Qd7 24. Nd6 1-0